Poznám ťa

Bibliographic Details
Main Author: Cádra, Fedor, 1926-1998 (Author)
Format: Article
Language:Slovak

MARC

LEADER 00000nab a2200000uu 4500
001 vtls011519944
003 SK-MaSNL
005 20260303211643.0
008 230704|1946 xo |||||||||||||||||slo|
015 |a SNBRB 
035 |a (urnnbn)urn:nbn:sk:snk:ar-0020ov 
035 |a (uuid)00ed3b0a-d8d7-4163-ae48-db8d002b0c05 
035 |a urn:nbn:sk:snk-abe8j8 
040 |a SNKBUCL  |b slo  |c SNKBUCL  |e AACR2 
041 0 |a slo 
044 |a xo  |c SK 
100 1 |a Cádra, Fedor,  |d 1926-1998  |4 aut  |9 10089 
245 1 0 |a Poznám ťa  |c Fedor Cádra 
773 0 |t Slovenské pohľady  |g Roč. 62, č. 1 - 2 (1946), s. 68-69 
850 |a Slovenská národná knižnica 
852 |a Slovenská národná knižnica 
954 |a beletria pôvodná (slovenská)  |2 lita 
958 |a OND 
958 |a EUIPO 
958 |a article21 
999 |c 2203764  |d 2205694